L'Antiquite expliquee et representee en figures... (Record no. 5091)
[ view plain ]
| 000 -LEADER | |
|---|---|
| campo de control de longitud fija | 01165npm a2200229 4500 |
| 001 - NÚMERO DE CONTROL | |
| campo de control | 5091 |
| 003 - IDENTIFICADOR DE NÚMERO DE CONTROL | |
| campo de control | ES-MaACL |
| 005 - FECHA Y HORA DE LA ÚLTIMA TRANSACCIÓN | |
| campo de control | 20250730063042.0 |
| 007 - CAMPO FIJO DE DESCRIPCIÓN FÍSICA--INFORMACIÓN GENERAL | |
| campo de control de longitud fija | hzrazu bucu |
| 008 - DATOS DE LONGITUD FIJA--INFORMACIÓN GENERAL | |
| campo de control de longitud fija | 890814r19891722fr a 00010 fre d |
| 080 ## - NÚMERO DE LA CLASIFICACIÓN DECIMAL UNIVERSAL | |
| Número de la Clasificación Decimal Universal | 9(3)(0:779) |
| 080 ## - NÚMERO DE LA CLASIFICACIÓN DECIMAL UNIVERSAL | |
| Número de la Clasificación Decimal Universal | 779:9(3) |
| 100 1# - ENTRADA PRINCIPAL--NOMBRE DE PERSONA | |
| Nombre de persona | Montfaucon, Bernard de, |
| Fechas asociadas al nombre | 1655-1741 |
| 9 (RLIN) | 82623 |
| 245 12 - MENCIÓN DEL TÍTULO | |
| Título | L'Antiquite expliquee et representee en figures... |
| Resto del título | : [Microforma] / |
| Mención de responsabilidad, etc. | par Bernard de Montfaucon. |
| 260 ## - PUBLICACIÓN, DISTRIBUCIÓN, ETC. | |
| Lugar de publicación, distribución, etc. | Madrid : |
| Nombre del editor, distribuidor, etc. | Ateneo Cientifico, Literario y Artistico, |
| Fecha de publicación, distribución, etc. | 1989. |
| 300 ## - DESCRIPCIÓN FÍSICA | |
| Extensión | 5 carretes de microfilme : |
| Otras características físicas | negativo ; |
| Dimensiones | 35 mm. |
| 500 ## - NOTA GENERAL | |
| Nota general | Publicado originalmente: Paris, Florentin Delaune, 1722-24, 2 ed. en 15 v. |
| 505 8# - NOTA DE CONTENIDO CON FORMATO | |
| Nota de contenido con formato | Carrete n. 1: t. 1 y 2 (hasta p. 144 de la 1a parte) -- Carrete n. 2: t. 2 (desde p. 145) y 3 -- Carrete n. 3: t. 4 y t. 5 (1a parte) -- Carrete n. 1: t. 1 y 2 (hasta p. 144 de la 1a parte) -- Carrete n. 2: t. 2 (desde p. 145) y t. 3 -- Carrete n. 3: t. 4 y 5 (1a parte) -- Carrete n. 4: t. 5 (2a parte) y t. 1 y 2 de suplementos -- Carrete n. 5: t. 3 a 5 de supl. |
| 650 14 - PUNTO DE ACCESO ADICIONAL DE MATERIA--TÉRMINO DE MATERIA | |
| Término de materia o nombre geográfico como elemento de entrada | Obras anteriores a 1800. |
| 9 (RLIN) | 15661 |
| 852 ## - LOCALIZACIÓN | |
| Ubicación | ES-MaACLM |
| Número de control de estantería | M-102-106 |
| Estatus retirado | Estado de pérdida | Fuente del sistema de clasificación o colocación | Estado de daño | No para préstamo | Colección | Biblioteca de origen | Biblioteca actual | Ubicación en estantería | Fecha de adquisición | Total de préstamos | Signatura topográfica completa | Código de barras | Visto por última vez | Precio de reemplazo | Tipo de ítem Koha |
|---|---|---|---|---|---|---|---|---|---|---|---|---|---|---|---|
| Clasificación decimal universal | Libros del s. XVIII | Biblioteca del Ateneo de Madrid | Biblioteca del Ateneo de Madrid | Depósito 1 | 17/01/2008 | M-102-106 | 1005154 | 23/02/2023 | 23/02/2023 | Microforma |
